<?xml version="1.0" encoding="UTF-8"?>
<record
    xmlns:xsi="http://www.w3.org/2001/XMLSchema-instance"
    xsi:schemaLocation="http://www.loc.gov/MARC21/slim http://www.loc.gov/standards/marcxml/schema/MARC21slim.xsd"
    xmlns="http://www.loc.gov/MARC21/slim">

  <leader>02722nam a22001577a 4500</leader>
  <controlfield tag="008">150819b        xxu||||| |||| 00| 0 eng d</controlfield>
  <datafield tag="020" ind1=" " ind2=" ">
    <subfield code="a">9780230235069</subfield>
  </datafield>
  <datafield tag="050" ind1=" " ind2=" ">
    <subfield code="a">KD750.B8(2009-2010)</subfield>
  </datafield>
  <datafield tag="100" ind1=" " ind2=" ">
    <subfield code="a">BURTON,Frances.</subfield>
  </datafield>
  <datafield tag="245" ind1=" " ind2=" ">
    <subfield code="a">Core status on family law 2009-2010) . /</subfield>
    <subfield code="c">Frances Burton.</subfield>
  </datafield>
  <datafield tag="260" ind1=" " ind2=" ">
    <subfield code="a">New York:</subfield>
    <subfield code="b">Palgrave Magmilllan,</subfield>
    <subfield code="c">2009.</subfield>
  </datafield>
  <datafield tag="300" ind1=" " ind2=" ">
    <subfield code="a">x,380pgs.</subfield>
    <subfield code="c">24cm.</subfield>
  </datafield>
  <datafield tag="500" ind1=" " ind2=" ">
    <subfield code="a">Includes index.</subfield>
  </datafield>
  <datafield tag="505" ind1=" " ind2=" ">
    <subfield code="a">Contents:Wills act 1837 -- Married women's property act 1882 -- Law of property act 1925 -- National assistance act 1948 -- Marriage act 1949 -- Maintenance orders act 1950 -- Intestates' Estates act 1952 -- Matrimonial causes(Property and maintenance) act 1958 -- Maintenance orders act 1958 -- Marriage(Enabling) act 1960 -- Law reform(Husband and wife)act 1962 -- Married women's property act 1964 -- Civil evidence act 1968 -- Family law reform 1969 -- Law reform(Miscellaneous provisions) act 1970 -- Marriage (Registrar General's license) act 1970 -- Matrimonial proceedings and property act 1970 -- Attachment of earnings act 1971 -- Land charges act 1972 -- Matrimonial causes act 1973 -- Domicile and matrimonial proceedings act 1973 -- Inheritance(Provision for family and dependents)act 1975 -- Legitimacy act 1976 -- Adoption act 1976 -- Domestic proceedings and magistrates court act 1984 -- Magistrates court act 1980 -- Supreme court(senior court) act 1981 -- Marriage act 1983 -- Child abduction act 1984 -- Matrimonial and family proceedings act 1984 -- Surrogacy arrangements act 1985 -- Housing act 1985 -- Marriage(Prohibited degrees of relationship)act 1986 -- Insolvency act 1986 -- Family law act 1986 -- Family law reform act 1986 -- Housing act 1988 -- Children act 1989 -- Human Fertilization and embryology act 1990 -- Maintenance enforcement act 1991 -- Child support act 1995 -- Family law  1996 -- Trusts of land and appointment of trustees act 1996 -- Housing act 1996 -- Education act  1996 -- Protection from harassment act 1997 -- Crime and disorder act 1998 -- criminal justice and courts services act 2000 -- Adoption and children act 2002 -- Human fertilization and embryology(Deceased fathers)act 2003 -- Anti-Social behavior act 2003 -- Gender recognition act 2004 -- Domestic violence,crime and victims act 2004 -- Children act 2004 -- civil partnership act 2004 -- Children and Adoption act 2006 --  Childcare act 2006 -- Child maintenance and other payments act 2008 -- Human fertilization and embryology act 2008 -- European Convention for the protection of human rights and fundamental freedoms(1950) -- Convention  on the civil aspects of international child abduction(1969) -- United nations convention on the rights of the child(1989).</subfield>
  </datafield>
  <datafield tag="942" ind1=" " ind2=" ">
    <subfield code="2">lcc</subfield>
    <subfield code="c">BK</subfield>
  </datafield>
  <datafield tag="999" ind1=" " ind2=" ">
    <subfield code="c">5709</subfield>
    <subfield code="d">13209</subfield>
  </datafield>
  <datafield tag="952" ind1=" " ind2=" ">
    <subfield code="0">0</subfield>
    <subfield code="1">0</subfield>
    <subfield code="2">lcc</subfield>
    <subfield code="4">0</subfield>
    <subfield code="7">0</subfield>
    <subfield code="a">WIUC-1</subfield>
    <subfield code="b">WIUC-1</subfield>
    <subfield code="c">LL</subfield>
    <subfield code="d">2015-08-21</subfield>
    <subfield code="l">0</subfield>
    <subfield code="o">KD750.B8(2009-2010)</subfield>
    <subfield code="p">125/15</subfield>
    <subfield code="r">2015-08-21 00:00:00</subfield>
    <subfield code="t">1</subfield>
    <subfield code="w">2015-08-21</subfield>
    <subfield code="y">BK</subfield>
  </datafield>
  <datafield tag="952" ind1=" " ind2=" ">
    <subfield code="0">0</subfield>
    <subfield code="1">0</subfield>
    <subfield code="2">lcc</subfield>
    <subfield code="4">0</subfield>
    <subfield code="7">0</subfield>
    <subfield code="a">WIUC-1</subfield>
    <subfield code="b">WIUC-1</subfield>
    <subfield code="c">LL</subfield>
    <subfield code="d">2015-08-21</subfield>
    <subfield code="l">0</subfield>
    <subfield code="o">KD750.B81(2009-2010)</subfield>
    <subfield code="p">126/15</subfield>
    <subfield code="r">2015-08-21 00:00:00</subfield>
    <subfield code="t">2</subfield>
    <subfield code="w">2015-08-21</subfield>
    <subfield code="y">BK</subfield>
  </datafield>
</record>
